<?xml version="1.0" encoding="UTF-8"?>
<record
    xmlns:xsi="http://www.w3.org/2001/XMLSchema-instance"
    xsi:schemaLocation="http://www.loc.gov/MARC21/slim http://www.loc.gov/standards/marcxml/schema/MARC21slim.xsd"
    xmlns="http://www.loc.gov/MARC21/slim">

  <leader>03338nam a2200325 a 4500</leader>
  <controlfield tag="003">OSt</controlfield>
  <controlfield tag="005">20250807094240.0</controlfield>
  <controlfield tag="007">cr ||||||a|c|a</controlfield>
  <controlfield tag="008">240814s2024    mx a|||fom||| |01 0 spa d</controlfield>
  <datafield tag="040" ind1=" " ind2=" ">
    <subfield code="e">rda</subfield>
  </datafield>
  <datafield tag="100" ind1="1" ind2=" ">
    <subfield code="a">Mart&#xED;nez Reyes, Gisell Celeste</subfield>
    <subfield code="9">189417</subfield>
  </datafield>
  <datafield tag="245" ind1="1" ind2="0">
    <subfield code="a">Influencia de la salinidad en la tolerancia al estr&#xE9;s h&#xED;drico de las pl&#xE1;ntulas de Rhizophora mangle L. /</subfield>
    <subfield code="c">por Gisell Celeste Mart&#xED;nez Reyes; director de tesis Roberth Armando Us Santamar&#xED;a; secretario Diana Jacqueline Cisneros de la Cruz; vocal Jos&#xE9; Armando Gil Vera Castillo; suplente Sara Gabriela Cer&#xF3;n Aguilera; suplente Yolanda Franco Islas.</subfield>
  </datafield>
  <datafield tag="264" ind1=" " ind2="1">
    <subfield code="a">Chapingo, M&#xE9;xico :</subfield>
    <subfield code="b">El autor,</subfield>
    <subfield code="c">2024.</subfield>
  </datafield>
  <datafield tag="300" ind1=" " ind2=" ">
    <subfield code="a">1 recurso en l&#xED;nea (72  p&#xE1;ginas):</subfield>
    <subfield code="b">tablas, figuras.</subfield>
  </datafield>
  <datafield tag="336" ind1=" " ind2=" ">
    <subfield code="2">rdacontent</subfield>
    <subfield code="a">texto</subfield>
    <subfield code="b">txt</subfield>
  </datafield>
  <datafield tag="337" ind1=" " ind2=" ">
    <subfield code="2">rdamedia</subfield>
    <subfield code="a">computadora</subfield>
    <subfield code="b">c</subfield>
  </datafield>
  <datafield tag="338" ind1=" " ind2=" ">
    <subfield code="2">rdacarrier</subfield>
    <subfield code="a">recurso en l&#xED;nea</subfield>
    <subfield code="b">cr</subfield>
  </datafield>
  <datafield tag="502" ind1=" " ind2=" ">
    <subfield code="b">IRF</subfield>
    <subfield code="c">DICIFO</subfield>
    <subfield code="d">2024.</subfield>
    <subfield code="g">LIC</subfield>
  </datafield>
  <datafield tag="504" ind1=" " ind2=" ">
    <subfield code="a">Incluye referencias bibliogr&#xE1;ficas: p&#xE1;ginas 57-66.</subfield>
  </datafield>
  <datafield tag="520" ind1=" " ind2=" ">
    <subfield code="a">El estr&#xE9;s h&#xED;drico en manglares es ocasionado por diversas actividades antr&#xF3;picas y naturales que modifican el r&#xE9;gimen hidrol&#xF3;gico, ocasionando salinizaci&#xF3;n del sustrato y eventual muerte de las plantas. En estos casos, la etapa de pl&#xE1;ntula es la m&#xE1;s vulnerable y su supervivencia es crucial para la continuidad de las poblaciones de manglar. Con el objetivo de analizar las respuestas fisiol&#xF3;gicas relacionadas con la tolerancia al estr&#xE9;s h&#xED;drico de las pl&#xE1;ntulas de Rhizophora mangle, se cultivaron pl&#xE1;ntulas en salinidades contrastantes (0 y 35 ppm) y posteriormente se suspendi&#xF3; el riego durante 30 d&#xED;as. Se midieron variables fisiol&#xF3;gicas (fluorescencia m&#xE1;xima de la clorofila, tasas de conductancia estom&#xE1;tica, asimilaci&#xF3;n de CO2 y transpiraci&#xF3;n m&#xE1;xima, potencial h&#xED;drico foliar m&#xED;nimo y m&#xE1;ximo, capacitancia foliar, &#xE1;rea foliar, fracci&#xF3;n de masa foliar, &#xE1;rea foliar espec&#xED;fica, raz&#xF3;n de ra&#xED;z/parte a&#xE9;rea, longitud y peso seco de los tallos) y el porcentaje de supervivencia antes y despu&#xE9;s de la suspensi&#xF3;n del riego (a los 15 y 30 d&#xED;as). Las pl&#xE1;ntulas que crecieron con salinidad realizaron un uso m&#xE1;s conservativo del agua, con menor &#xE1;rea foliar, tasa de conductancia estom&#xE1;tica y potencial h&#xED;drico, lo que les confiri&#xF3; mayor tolerancia al estr&#xE9;s h&#xED;drico despu&#xE9;s de 30 d&#xED;as sin riego. En contraste las pl&#xE1;ntulas sin salinidad tuvieron una mayor tasa de crecimiento, pero mayor vulnerabilidad y por tanto mortalidad despu&#xE9;s de los 15 d&#xED;as. Las condiciones ambientales en las que crecen las pl&#xE1;ntulas de R. mangle son determinantes para su tolerancia al estr&#xE9;s h&#xED;drico, aquellas que crecen a mayor salinidad son menos vulnerables a los cambios hidrol&#xF3;gicos del sitio.</subfield>
  </datafield>
  <datafield tag="650" ind1=" " ind2="4">
    <subfield code="a">Salinidad efecto en Rhizophora mangle</subfield>
    <subfield code="9">189418</subfield>
  </datafield>
  <datafield tag="650" ind1=" " ind2="4">
    <subfield code="a">Estr&#xE9;s de sequ&#xED;a</subfield>
    <subfield code="9">38473</subfield>
  </datafield>
  <datafield tag="700" ind1="1" ind2=" ">
    <subfield code="a">Us Santamar&#xED;a, Roberth Armando</subfield>
    <subfield code="9">187167</subfield>
    <subfield code="e">Director de tesis.</subfield>
  </datafield>
  <datafield tag="700" ind1="1" ind2=" ">
    <subfield code="a">Cisneros de la Cruz, Diana Jaqueline</subfield>
    <subfield code="9">189419</subfield>
    <subfield code="e">Secretario.</subfield>
  </datafield>
  <datafield tag="700" ind1="0" ind2=" ">
    <subfield code="a">Vera Castillo, Jos&#xE9; Amando Gil</subfield>
    <subfield code="e">Vocal.</subfield>
    <subfield code="9">118764</subfield>
  </datafield>
  <datafield tag="700" ind1="1" ind2=" ">
    <subfield code="a">Cer&#xF3;n Aguilera, Sara Gabriela</subfield>
    <subfield code="9">189420</subfield>
    <subfield code="e">Suplente.</subfield>
  </datafield>
  <datafield tag="700" ind1="1" ind2=" ">
    <subfield code="a">Franco Islas, Yolanda</subfield>
    <subfield code="9">42965</subfield>
    <subfield code="e">Suplente.</subfield>
  </datafield>
  <datafield tag="856" ind1=" " ind2=" ">
    <subfield code="u">http://10.13.5.2/tesis/tl/1211522-9_MARTINEZ_REYES_GISELLCELESTE.pdf</subfield>
    <subfield code="z">DESCARGAR PDF</subfield>
  </datafield>
  <datafield tag="942" ind1=" " ind2=" ">
    <subfield code="2">Clasificaci&#xF3;n Universidad Aut&#xF3;noma Chapingo</subfield>
    <subfield code="c">TD</subfield>
  </datafield>
  <datafield tag="999" ind1=" " ind2=" ">
    <subfield code="c">220077</subfield>
    <subfield code="d">220077</subfield>
  </datafield>
  <datafield tag="952" ind1=" " ind2=" ">
    <subfield code="0">0</subfield>
    <subfield code="1">0</subfield>
    <subfield code="2">local</subfield>
    <subfield code="4">0</subfield>
    <subfield code="5">1</subfield>
    <subfield code="7">0</subfield>
    <subfield code="8">TesDigL</subfield>
    <subfield code="a">BD</subfield>
    <subfield code="b">BD</subfield>
    <subfield code="c">E_L</subfield>
    <subfield code="d">2024-08-14</subfield>
    <subfield code="l">0</subfield>
    <subfield code="o">Tesis digital</subfield>
    <subfield code="r">2024-08-14 14:29:40</subfield>
    <subfield code="w">2024-08-14</subfield>
    <subfield code="y">TD</subfield>
  </datafield>
</record>
